HEDGE FUNDS A PRACTICAL GLOBAL HANDBOOK (Record no. 32014)

MARC details
000 -LEADER
fixed length control field 00365nam a2200133Ia 4500
008 - FIXED-LENGTH DATA ELEMENTS--GENERAL INFORMATION
fixed length control field 240624s9999 xx 000 0 und d
041 ## - LANGUAGE CODE
Language code of text/sound track or separate title eng
082 ## - DEWEY DECIMAL CLASSIFICATION NUMBER
Classification number 346.0922 CAR
100 ## - MAIN ENTRY--PERSONAL NAME
Personal name CARRENO FLORENTINO
245 ## - TITLE STATEMENT
Title HEDGE FUNDS A PRACTICAL GLOBAL HANDBOOK
260 ## - PUBLICATION, DISTRIBUTION, ETC.
Date of publication, distribution, etc. 2012
Place of publication, distribution, etc. London
Name of publisher, distributor, etc. Globe Business Publishing Ltd
300 ## - PHYSICAL DESCRIPTION
Extent 407 p.; 23 cm.
365 ## - TRADE PRICE
Currency code BPS
Price amount 25
Holdings
Withdrawn status Lost status Damaged status Not for loan Home library Current library Shelving location Date acquired Total Checkouts Full call number Barcode Date last seen Copy number Price effective from Koha item type
        IMTN IMTN Rack 13-B 03/03/2020   346.0922 CAR 32014 06/24/2024 97.4 06/24/2024 Books
Designed & Maintained by: LRC IMT Nagpur Contact: lrc@imtnag.ac.in© 2024. All Rights Reserved.